000 00550nab a2200145 4500
003 ES-SlBCS
005 20210327231236.0
008 160413s2013 po ||||| |||| 00| 0 eng d
040 _aES-SlBCS
_bspa
100 1 _aRibeiro do Nascimento, Carlos Arthur
_9205532
245 1 0 _aA little more on Galileo and the Mixed Sciences
_cCarlos Arthur Ribeiro do Nascimento
600 1 4 _aGalilei, Galileo
_xCrítica e interpretación
_9408170
773 0 _gVol. 22, Nº 44, 2013, págs. 309-320
_tRevista Filosófica de Coimbra
_wRev971
_x0872-0851
942 _2lcc
_cAR
999 _c856882
_d856882